| 000 | 01496cam a2200325 a 4500 | ||
|---|---|---|---|
| 999 |
_c233252 _d233252 |
||
| 001 | 16777663 | ||
| 003 | Nust | ||
| 005 | 20170306104709.0 | ||
| 008 | 110513s2010 enk 000 1 eng | ||
| 010 | _a 2011378288 | ||
| 020 | _a9780755343997 | ||
| 020 | _a9780755344000 (trade pbk.) | ||
| 040 |
_aDLC _cDLC _dDLC |
||
| 042 | _apcc | ||
| 043 | _an-us-ny | ||
| 050 | 0 | 0 |
_aPS3618.U233 _bD43 2010 |
| 082 | 0 | 0 |
_a813/.6 RUB _222 |
| 100 | 1 |
_aRubenfeld, Jed, _d1959- |
|
| 245 | 1 | 4 |
_aThe death instinct / _cJed Rubenfeld. |
| 260 |
_aLondon : _bHeadline Review, _c2010. |
||
| 300 |
_a454 p. ; _c24 cm. |
||
| 520 | _aNew York, 1920. The streets of Manhattan teem with seething resentments and inarticulate passions. Wall Street explodes-- literally. It is the most destructive and deadly terrorist attack ever committed on US soil. Three people caught in the blast are led on a harrowing journey from Paris to Prague, unraveling secrets and the shocking truth behind the terror in Wall Street. | ||
| 650 | 0 |
_aPhysicians _vFiction. |
|
| 650 | 0 |
_aTerrorism _zNew York (State) _zNew York _vFiction. |
|
| 650 | 0 |
_aTerrorism investigation _vFiction. |
|
| 651 | 0 |
_aWall Street (New York, N.Y.) _xHistory _y20th century _vFiction. |
|
| 655 | 0 | _aDetective and mystery stories. | |
| 655 | 7 |
_aHistorical fiction. _2gsafd |
|
| 906 |
_a7 _bcbc _corignew _d2 _encip _f20 _gy-gencatlg |
||
| 942 |
_2ddc _cBK |
||